000 01873nam a2200289 i 4500
003 DO-SdBNP
005 20250812091318.0
007 ta
008 250812b2025 dr o|||| |||| 00| 0 spa d
020 _a9789945484762
040 _aDO-SdBNP
_bspa
_cBNPHU
_erda
041 _aspa
082 _axxx
_bS718
_222
100 1 _aSoto, Kelvin
_eautor
_4aut.
_988318
245 1 _aHasta sin poder se puede :
_bun testimonio de vida /
_cKelvin Soto ; prólogo, Ángel Luis Maldonado
264 _aSanto Domingo :
_bFundación Literaria Aníbal Montaño,
_c2025.
300 _a110 Páginas :
_bfotografías
_c24 cm.
336 _atexto
_btxt
_2rdacontent
337 _asin mediación
_bn
_2rdamedia
338 _avolumen
_bnc
_2rdacarrier
500 _aIncluye datos biografícos del autor en la solapa de la cubierta.
520 _aLa historia de Kelvin Soto, narrada en este libro, no es solo un testimonio de superación personal, sino también una lección de motivación intrínseca. Nos muestra que, aunque la discapacidad pueda presentar barreras, nuestra capacidad para aprender, crecer y trascender es infinita. Además, resalta la importancia de la solidaridad y el apoyo comunitario en el proceso de rehabilitación. La inclusión no es solo una responsabilidad individual, sino colectiva, y esta historia nos invita a reflexionar sobre nuestra propia actitud ante los desafíos, comprometiéndonos a construir un mundo más inclusivo y compasivo. Kelvin Soto no es solo un ejemplo de resiliencia transforma dora, sino también de cómo la fe puede convertirse en un poderoso motor capaz de cambiar la vida de una persona. Su historia nos recuerda que, con dedicación, solidaridad y una fe profunda en Dios, todo es posible.
590 _aInventariado, 2025/ YL
700 1 _aMaldonado, Ángel Luis
_eprólogo
_4pr.
_988481
910 _aYlockward
942 _2ddc
_cLBS1
999 _c59498
_d59498